[Event "EU-ch Seniors 65 22nd"]
[Site "Acqui Terme"]
[Date "2023.05.27"]
[Round "2"]
[White "Benazzo, Angelo"]
[Black "Giacomini, Hector"]
[Result "0-1"]
[WhiteElo "1644"]
[BlackElo "2126"]
[PlyCount "78"]
[EventDate "2023.05.26"]
[EventType "swiss"]
[EventRounds "9"]
[EventCountry "ITA"]
[SourceTitle "CBM 214 Extra"]
[Source "ChessBase"]
[SourceDate "2023.07.31"]
[SourceVersion "1"]
[SourceVersionDate "2023.07.31"]
[SourceQuality "1"]

1. Nf3 d5 2. g3 Nf6 3. Bg2 e6 4. d3 c5 5. Nbd2 Nc6 6. 0-0 Be7 7. Re1 0-0 8. e4 Qc7 9. c3 Rd8 10. e5 Nd7 11. d4 b5 12. Nb3 b4 13. Bf4 Ba6 14. Bf1 Bxf1 15. Kxf1 c4 16. Nbd2 Qa5 17. Qc2 Rab8 18. Bg5 Rb7 19. Bxe7 Nxe7 20. Ng5 Nf8 21. Reb1 Rdb8 22. a3 bxc3 23. bxc3 h6 24. Nh3 Nd7 25. Rxb7 Rxb7 26. Rb1 Rb6 27. Rxb6 Nxb6 28. Nb1 Qb5 29. Ke1 Na4 30. f4 Nf5 31. Kd2 Qa5 32. Ke2 h5 33. Nf2 Qb5 34. Nd1 a6 35. Ne3 Qxb1 36. Qxa4 Qd3+ 37. Kf2 Qxe3+ 38. Kg2 Qe2+ 39. Kh3 Qf1# 0-1

[Event "Bratto op-C 35th"]
[Site "Bratto"]
[Date "2015.08.30"]
[Round "8.1"]
[White "Benazzo, Angelo"]
[Black "Franciosi, Claudio"]
[Result "1-0"]
[WhiteElo "1661"]
[BlackElo "1717"]
[PlyCount "87"]
[EventDate "2015.08.23"]
[EventType "swiss"]
[EventRounds "8"]
[EventCountry "ITA"]
[SourceTitle "EXT 2022"]
[Source "ChessBase"]
[SourceDate "2021.10.06"]
[SourceVersion "1"]
[SourceVersionDate "2021.10.06"]
[SourceQuality "1"]

1. Nf3 c5 2. g3 Nc6 3. d3 Nf6 4. Bg2 d5 5. Nbd2 e6 6. 0-0 Bd6 7. Re1 0-0 8. e4 dxe4 9. dxe4 e5 10. c3 Bg4 11. Qc2 Qd7 12. Nc4 b5 13. Nxd6 Qxd6 14. Rd1 Qe7 15. h3 Bh5 16. Bg5 h6 17. Be3 Rad8 18. g4 Bg6 19. Nh4 Rxd1+ 20. Rxd1 Bh7 21. Nf5 Bxf5 22. exf5 e4 23. Qe2 c4 24. Bf4 Re8 25. Qe3 Rd8 26. Rxd8+ Nxd8 27. Qd2 Nb7 28. Be3 Nc5 29. Bxc5 Qxc5 30. Qd4 Qe7 31. Kf1 Kh7 32. Ke2 g6 33. fxg6+ fxg6 34. Ke3 Nxg4+ 35. hxg4 Qg5+ 36. f4 Qxg4 37. Qxe4 Qg3+ 38. Ke2 h5 39. f5 g5 40. f6+ Kh6 41. f7 Qd3+ 42. Qxd3 cxd3+ 43. Kxd3 Kg7 44. Bd5 1-0

[Event "Bratto op-C 35th"]
[Site "Bratto"]
[Date "2015.08.29"]
[Round "7.5"]
[White "Colantonio, Marco"]
[Black "Benazzo, Angelo"]
[Result "0-1"]
[WhiteElo "1662"]
[BlackElo "1661"]
[PlyCount "28"]
[EventDate "2015.08.23"]
[EventType "swiss"]
[EventRounds "8"]
[EventCountry "ITA"]
[SourceTitle "EXT 2022"]
[Source "ChessBase"]
[SourceDate "2021.10.06"]
[SourceVersion "1"]
[SourceVersionDate "2021.10.06"]
[SourceQuality "1"]

1. e4 g6 2. d4 Bg7 3. f4 d6 4. Be3 c5 5. c3 Nd7 6. Nf3 e6 7. Bd3 Ne7 8. 0-0 cxd4 9. cxd4 d5 10. e5 h5 11. Nc3 a6 12. Qa4 0-0 13. Nb5 Nb6 14. Qb4 axb5 0-1

[Event "Ascona op 10th"]
[Site "Ascona"]
[Date "2015.04.16"]
[Round "4"]
[White "Benazzo, Angelo"]
[Black "Velluti, Alberto"]
[Result "0-1"]
[WhiteElo "1683"]
[BlackElo "1919"]
[PlyCount "110"]
[EventDate "2015.04.14"]
[EventType "swiss"]
[EventRounds "5"]
[EventCountry "SUI"]
[SourceTitle "CBM 166 Extra"]
[Source "ChessBase"]
[SourceDate "2015.06.18"]
[SourceVersion "1"]
[SourceVersionDate "2015.06.18"]
[SourceQuality "1"]

1. Nf3 d5 2. g3 Nf6 3. Bg2 Nbd7 4. d4 e6 5. 0-0 Be7 6. b3 0-0 7. Bb2 Re8 8. Nbd2 Nf8 9. Ne5 N6d7 10. e4 Nxe5 11. dxe5 d4 12. Nf3 c5 13. Qd3 b6 14. Rfd1 Bb7 15. Nd2 a5 16. f4 a4 17. a3 axb3 18. Qxb3 Qc7 19. a4 Ba6 20. Bf1 Bxf1 21. Kxf1 Qc6 22. Qb5 Qb7 23. Rdb1 Nd7 24. Bc1 Ra6 25. Ra2 Rea8 26. Rba1 Nb8 27. Qb3 Nc6 28. Ba3 Rxa4 29. Nc4 b5 30. Nd6 Bxd6 31. exd6 Na5 32. Qb1 b4 33. Bc1 Rxa2 34. Qxa2 Qa6+ 35. Kf2 Qxd6 36. Qa4 Qb6 37. Bd2 h6 38. g4 Ra7 39. Rg1 Nc6 40. Qb3 Ra3 41. Qc4 Na5 42. Qe2 c4 43. Kg2 d3 44. cxd3 Rxd3 45. h4 Nb3 46. Be1 Re3 47. Qc2 Qc6 48. Bxb4 Rxe4 49. Kh2 Rxf4 50. Rd1 Qb6 51. Be1 Nd4 52. Qa2 Rxg4 53. Bg3 Qb3 54. Qa8+ Kh7 55. Rg1 Qf3 0-1

[Event "Lesa op-B 3rd"]
[Site "Lesa"]
[Date "2014.09.21"]
[Round "4"]
[White "Benazzo, Angelo"]
[Black "Fragni, Enrico"]
[Result "1-0"]
[WhiteElo "1676"]
[BlackElo "1580"]
[PlyCount "109"]
[EventDate "2014.09.19"]
[EventType "swiss"]
[EventRounds "5"]
[EventCountry "ITA"]
[SourceTitle "EXT 2016"]
[Source "ChessBase"]
[SourceDate "2015.10.08"]
[SourceVersion "1"]
[SourceVersionDate "2015.10.08"]
[SourceQuality "1"]

1. Nf3 d6 2. g3 b6 3. Bg2 Bb7 4. 0-0 Nd7 5. d3 Ngf6 6. Nc3 e5 7. Re1 Be7 8. Bd2 0-0 9. Nxe5 Bxg2 10. Nxd7 Qxd7 11. Kxg2 Rfe8 12. e4 Bf8 13. Bg5 Ng4 14. Nd5 Ne5 15. h3 c6 16. Ne3 f6 17. Bf4 Ng6 18. Qf3 Rad8 19. Nf5 d5 20. Ne3 Nxf4+ 21. Qxf4 Bd6 22. Qg4 dxe4 23. dxe4 Be5 24. Nc4 Qxg4 25. hxg4 Bc7 26. Re2 b5 27. Nd2 Re7 28. Rae1 h6 29. f4 g5 30. Kf3 a5 31. Nf1 Kg7 32. Ne3 Kg6 33. Rh1 Rh7 34. c4 Bb6 35. cxb5 Bxe3 36. Kxe3 cxb5 37. f5+ Kg7 38. Rd2 Rb8 39. Rhd1 Kf8 40. Rd8+ Rxd8 41. Rxd8+ Ke7 42. Rd5 h5 43. Rxb5 Kd6 44. gxh5 Rxh5 45. Kf3 Rh2 46. Rxa5 Rxb2 47. Ra6+ Ke7 48. Ra4 Rb6 49. Kg4 Kd6 50. Ra8 Rb4 51. Re8 Ra4 52. Re6+ Kd7 53. Kh5 Rxa2 54. Rxf6 Ke7 55. Kxg5 1-0

[Event "Lesa op-B 3rd"]
[Site "Lesa"]
[Date "2014.09.20"]
[Round "2"]
[White "Tinelli, Fulvio"]
[Black "Benazzo, Angelo"]
[Result "1-0"]
[WhiteElo "1775"]
[BlackElo "1676"]
[PlyCount "55"]
[EventDate "2014.09.19"]
[EventType "swiss"]
[EventRounds "5"]
[EventCountry "ITA"]
[SourceTitle "EXT 2016"]
[Source "ChessBase"]
[SourceDate "2015.10.08"]
[SourceVersion "1"]
[SourceVersionDate "2015.10.08"]
[SourceQuality "1"]

1. d4 Nf6 2. Nf3 g6 3. Bg5 Bg7 4. Nbd2 d5 5. e3 0-0 6. Bd3 Nbd7 7. 0-0 c5 8. c3 h6 9. Bh4 Re8 10. h3 b6 11. Qe2 Bb7 12. Rad1 c4 13. Bc2 b5 14. Ne5 Nxe5 15. dxe5 Nd7 16. e6 Nf8 17. exf7+ Kxf7 18. Nf3 Qb6 19. e4 dxe4 20. Bxe4 Bf6 21. Bg3 Qe6 22. Ne5+ Bxe5 23. Bxb7 Qb6 24. Bxa8 Bxg3 25. Qf3+ Kg7 26. Qxg3 Rxa8 27. Qe5+ Kf7 28. Qd5+ 1-0

[Event "Stein am Rhein op 2nd"]
[Site "Stein am Rhein"]
[Date "2014.03.02"]
[Round "5"]
[White "Wegelin, Reinhard"]
[Black "Benazzo, Angelo"]
[Result "1-0"]
[WhiteElo "1936"]
[BlackElo "1762"]
[PlyCount "41"]
[EventDate "2014.02.28"]
[EventType "swiss"]
[EventRounds "5"]
[EventCountry "SUI"]
[SourceTitle "CBM 159 Extra"]
[Source "ChessBase"]
[SourceDate "2014.04.24"]
[SourceVersion "1"]
[SourceVersionDate "2014.04.24"]
[SourceQuality "1"]

1. d4 g6 2. Nf3 Bg7 3. c3 d6 4. Bg5 h6 5. Bh4 Nd7 6. Nbd2 e5 7. dxe5 dxe5 8. Bg3 Ne7 9. e4 a6 10. a4 b6 11. Nc4 Nc6 12. Qd5 Bb7 13. Ncxe5 Ncxe5 14. Qxb7 Nxf3+ 15. gxf3 Ne5 16. Bxe5 Bxe5 17. Qc6+ Ke7 18. Rd1 Qc8 19. Bc4 Rd8 20. Rd5 f6 21. Rxd8 1-0

[Event "Bratto op-B 33rd"]
[Site "Bratto"]
[Date "2013.08.21"]
[Round "4"]
[White "Iasman, Inna"]
[Black "Benazzo, Angelo"]
[Result "1-0"]
[WhiteElo "1970"]
[BlackElo "1788"]
[PlyCount "105"]
[EventDate "2013.08.18"]
[EventType "swiss"]
[EventRounds "8"]
[EventCountry "ITA"]
[SourceTitle "EXT 2015"]
[Source "ChessBase"]
[SourceDate "2014.11.20"]
[SourceVersion "1"]
[SourceVersionDate "2014.11.20"]
[SourceQuality "1"]

1. d4 g6 2. c4 Bg7 3. Nc3 d6 4. e4 c6 5. Be2 h6 6. Nf3 Bg4 7. Be3 Nd7 8. h3 Bxf3 9. Bxf3 e5 10. d5 c5 11. Rb1 a6 12. a3 Rb8 13. Be2 Ne7 14. b4 Qc7 15. Qa4 0-0 16. b5 f5 17. f3 fxe4 18. fxe4 Nb6 19. Qb3 a5 20. Bf3 g5 21. 0-0 Ng6 22. Bg4 Rxf1+ 23. Rxf1 Rf8 24. Bf5 Rf6 25. Na4 Nxa4 26. Qxa4 b6 27. Qd1 Nf8 28. a4 Kh8 29. Qg4 Qf7 30. Rf2 Qe8 31. h4 gxh4 32. Qxh4 Kg8 33. Rf3 Qf7 34. Rg3 Rxf5 35. exf5 Qxf5 36. Qxh6 Qb1+ 37. Kh2 Qh7 38. Rg4 Kf7 39. Qxh7 Nxh7 40. Bd2 Nf6 41. Rh4 Kg6 42. Kg3 Kf5 43. Kf3 Ng8 44. Rh5+ Kg6 45. g4 Nf6 46. Rg5+ Kf7 47. Rf5 Kg6 48. Be1 Ng8 49. Rh5 Nf6 50. Rh1 Bh6 51. Bh4 Bf4 52. Bxf6 Kxf6 53. Rh7 1-0

[Event "Bratto op-B 33rd"]
[Site "Bratto"]
[Date "2013.08.19"]
[Round "2"]
[White "Saracco, Marco"]
[Black "Benazzo, Angelo"]
[Result "0-1"]
[WhiteElo "1872"]
[BlackElo "1788"]
[PlyCount "80"]
[EventDate "2013.08.18"]
[EventType "swiss"]
[EventRounds "8"]
[EventCountry "ITA"]
[SourceTitle "EXT 2015"]
[Source "ChessBase"]
[SourceDate "2014.11.20"]
[SourceVersion "1"]
[SourceVersionDate "2014.11.20"]
[SourceQuality "1"]

1. d4 d6 2. Nf3 g6 3. c4 Bg7 4. Nc3 Nd7 5. e4 c6 6. Be2 h6 7. 0-0 e5 8. Be3 Qe7 9. d5 Ngf6 10. Nd2 0-0 11. b4 cxd5 12. Nxd5 Nxd5 13. cxd5 f5 14. f3 Nf6 15. Rc1 f4 16. Bf2 Bd7 17. Nb3 b6 18. Ba6 Rf7 19. Bb7 Rb8 20. Bc6 Rc8 21. Qd3 Rc7 22. Bxd7 Rxd7 23. Rc8+ Kh7 24. Rfc1 g5 25. g4 fxg3 26. hxg3 Nh5 27. Kg2 Qf6 28. R1c2 Qg6 29. R8c3 Nf6 30. Nd2 h5 31. Rc1 Bh6 32. Rh1 g4 33. Be3 gxf3+ 34. Nxf3 Nxe4 35. Rh3 Nxc3 36. Qxc3 Rxf3 37. Kxf3 Qg4+ 38. Kg2 Qe4+ 39. Kf2 Rf7+ 40. Ke2 Qg2+ 0-1

[Event "Bratto op-B 33rd"]
[Site "Bratto"]
[Date "2013.08.18"]
[Round "1"]
[White "Benazzo, Angelo"]
[Black "Mortola, Alberto"]
[Result "0-1"]
[WhiteElo "1788"]
[BlackElo "1936"]
[PlyCount "78"]
[EventDate "2013.08.18"]
[EventType "swiss"]
[EventRounds "8"]
[EventCountry "ITA"]
[SourceTitle "EXT 2015"]
[Source "ChessBase"]
[SourceDate "2014.11.20"]
[SourceVersion "1"]
[SourceVersionDate "2014.11.20"]
[SourceQuality "1"]

1. Nf3 f5 2. g3 Nf6 3. Bg2 g6 4. b3 Bg7 5. Bb2 d6 6. d4 0-0 7. 0-0 Ne4 8. Nbd2 d5 9. c4 c6 10. Qc2 Be6 11. c5 Nd7 12. e3 Qc7 13. b4 Ndf6 14. Ne5 Nxd2 15. Qxd2 Nd7 16. f4 Nf6 17. a4 Ne4 18. Bxe4 fxe4 19. Bc3 Bh3 20. Rfb1 e6 21. b5 Bxe5 22. dxe5 g5 23. Kf2 gxf4 24. exf4 cxb5 25. axb5 Qxc5+ 26. Bd4 Qc7 27. Rd1 Qg7 28. Qe3 Rac8 29. Rac1 Qd7 30. Qe2 Bf5 31. Ke3 Rxc1 32. Rxc1 Rc8 33. Rxc8+ Qxc8 34. Bxa7 Qc3+ 35. Kf2 d4 36. g4 e3+ 37. Kf3 Bd3 38. Qg2 Bc4 39. Qg1 e2+ 0-1

[Event "Arvier Amatori op 3rd"]
[Site "Arvier"]
[Date "2013.01.05"]
[Round "5"]
[White "Belabbas, Abdellah"]
[Black "Benazzo, Angelo"]
[Result "0-1"]
[WhiteElo "1860"]
[BlackElo "1701"]
[PlyCount "46"]
[EventDate "2013.01.02"]
[EventType "swiss"]
[EventRounds "7"]
[EventCountry "ITA"]
[SourceTitle "EXT 2014"]
[Source "ChessBase"]
[SourceDate "2013.11.20"]
[SourceVersion "1"]
[SourceVersionDate "2013.11.20"]
[SourceQuality "1"]

1. d4 Nf6 2. Nc3 d5 3. e4 Nxe4 4. Nxe4 dxe4 5. f3 Bf5 6. Bc4 e6 7. c3 c6 8. Qe2 exf3 9. Nxf3 Be7 10. Ne5 Bg6 11. 0-0 0-0 12. Be3 Nd7 13. Nxg6 hxg6 14. Rf3 Nf6 15. Raf1 Nd5 16. Bc1 Bg5 17. Bxg5 Qxg5 18. Rg3 Qe7 19. Bd3 Rae8 20. Rff3 e5 21. Bc4 exd4 22. Qc2 dxc3 23. bxc3 Qc5+ 0-1